Lanean...

CYTOTOXIC EFFECTS OF TITANIUM FACTORY EFFLUENT ON ALLIUM CEPA.L

Xehetasun bibliografikoak
Egile nagusia: SITHARA.R.S
Formatua: Printed Book
Argitaratua: T DEPT OF BOTANY, UNIVERSITY OF KERALA KARIAVATTOM 1997
Gaiak:
LEADER 00563nam a2200205 4500
020
037
082 |a 571.966 SIT 
100 |a SITHARA.R.S 
245 |a CYTOTOXIC EFFECTS OF TITANIUM FACTORY EFFLUENT ON ALLIUM CEPA.L  |h English 
250
260 |a T  |b DEPT OF BOTANY, UNIVERSITY OF KERALA KARIAVATTOM  |c 1997 
300 |a 53  |f HB 
500
590
630
650 |a CYTOTOXIC 
942 |c REF 
999 |c 175663  |d 175663 
952 |0 0  |1 0  |4 0  |6 571_966000000000000_SIT  |7 0  |9 189030  |a BOT  |b BOT  |l 0  |o 571.966 SIT  |p BOTMSC D285  |r 2019-10-25  |w 2019-10-25  |y REF